000
00319nam a22001337a 4500
008
170301b xxu||||| |||| 00| 0 eng d
020
_a
9253652
041
_a
eng
080
_a
61
100
_a
6
101
_a
SHM
245
_a
CLINICAL ETHICS IN ANESTHESIOLOGY: A CASE-BASED TEXTBOOK
_c
NORMAN, G.A.V
942
_2
udc
_c
BK
999
_c
6508
_d
6508